How we drafted Adlai Stevenson.

Bibliographic Details
Main Author: Johnson, Walter, 1915-1985
Format: Book
Language:English
Published: New York : Knopf, 1955.
Edition:[1st ed.].
Subjects:

MARC

Tag First Indicator Second Indicator Subfields
LEADER 00000cam a2200000 4500
001 in00000066132
005 20151008051248.0
008 750519s1955 nyu 00000 eng u
010 |a  55006073  
035 |a (OCoLC)01343121 
035 |9 AAG6834AM 
040 |c ITD  |d TXA  |d UtOrBLW 
049 |a TXAM  |c 1 [247082]  
050 0 0 |a E816  |b .J6 
082 0 |a 329.01 
092 |a 329.01  |b J71h 
100 1 |a Johnson, Walter,  |d 1915-1985. 
245 1 0 |a How we drafted Adlai Stevenson. 
250 |a [1st ed.]. 
264 1 |a New York :  |b Knopf,  |c 1955. 
300 |a  172 pages ;  |c 20 cm. 
336 |a text  |b txt  |2 rdacontent 
337 |a unmediated  |b n  |2 rdamedia 
338 |a volume  |b nc  |2 rdacarrier 
600 1 0 |a Stevenson, Adlai E.  |q (Adlai Ewing),  |d 1900-1965. 
650 0 |a Presidents  |z United States  |x Election  |y 1952. 
999 |a MARS 
999 f f |s 5e65934f-e4a5-38cf-adef-b79362760408  |i 976cdece-e87b-3cba-a4d6-0f81a50339a9  |t 0 
952 f f |p ric  |a Texas A&M University  |b Rellis Campus  |c Joint Library Facility  |d Remote Storage  |t 0  |e E816 .J6  |h Library of Congress classification  |i unmediated -- volume  |m A14800683596 
998 f f |a E816 .J6  |t 0  |l Remote Storage